Διεθνείς σχέσεις : εισηγήσεις - δημοσιεύσεις - απόψεις
Αποθηκεύτηκε σε:
| Κύριος συγγραφέας: | |
|---|---|
| Μορφή: | Βιβλίο |
| Γλώσσα: | Greek French |
| Δημοσίευση: |
Αθήνα :
Παπαζήσης,
2008
|
| Θέματα: | |
| Ετικέτες: |
Προσθήκη ετικέτας
Δεν υπάρχουν, Καταχωρήστε ετικέτα πρώτοι!
|
MARC
| LEADER | 00000cam a2200000 i 4500 | ||
|---|---|---|---|
| 001 | 1/7397 | ||
| 008 | 100512s2008 gre d | ||
| 020 | |a 978-960-02-2197-8 | ||
| 035 | |l 10107847 | ||
| 040 | |a GR-MY-UA |b gre |e aacr | ||
| 041 | 0 | |a gre |a fre | |
| 082 | 0 | |a 327.1 |2 (22) | |
| 100 | 1 | |a Αλεξόπουλος, Ηλίας Κ., |d 1971-2004. | |
| 245 | 1 | 0 | |a Διεθνείς σχέσεις : |b εισηγήσεις - δημοσιεύσεις - απόψεις / |c Αλεξόπουλος Ηλίας |
| 260 | |a Αθήνα : |b Παπαζήσης, |c 2008 | ||
| 300 | |a 461 σ.; |c 24 εκ. | ||
| 650 | 0 | 0 | |a International relations. |
| 651 | 0 | |a Russia |x Foreign relations |z Greece. | |
| 651 | 0 | |a Black Sea Region |x Foreign economic relations. | |
| 852 | |a INST |b RHODES |e 20100512 |h 327.1 ΑΛΕ |p 005400032797 |q 005400032797 |t BK |y 0 | ||
| 901 | |a BIBL4-2010-2 | ||
| 909 | |a Ρ |b 159975 | ||
| 970 | |a ΚΟΖΑ |b ΜΑΡΙΑ |z 2010/05/12 | ||